Articles : Summer 94: Literature search preparation of bibliography: Instruction for use
Đã lưu trong:
| Príomhúdar: | |
|---|---|
| Formáid: | Leabhar |
| Teanga: | Undetermined |
| Foilsithe: |
1994
|
| Ábhair: | |
| Clibeanna: |
Cuir Clib Leis
Gan Chlibeanna, Bí ar an gcéad duine leis an taifead seo a chlibeáil!
|
| Thư viện lưu trữ: | Trung tâm Học liệu Trường Đại học Cần Thơ |
|---|
| LEADER | 00477nam a2200169Ia 4500 | ||
|---|---|---|---|
| 001 | CTU_160614 | ||
| 008 | 210402s9999 xx 000 0 und d | ||
| 082 | |a 630 | ||
| 082 | |b B856 | ||
| 100 | |a Brigitte, Mark | ||
| 245 | 0 | |a Articles : | |
| 245 | 0 | |b Summer 94: Literature search preparation of bibliography: Instruction for use | |
| 245 | 0 | |c Marc Brigitte | |
| 260 | |c 1994 | ||
| 650 | |a Fisheries | ||
| 904 | |i Giang | ||
| 980 | |a Trung tâm Học liệu Trường Đại học Cần Thơ | ||